Statistics for Arctic Monkeys Lyrics - Fake Tales Of San Francisco

Click here to take the quiz!

General Stats

  • This quiz has been taken 69 times
    (51 since last reset)
  • The average score is 270 of 308

Answer Stats

Lyrics% Correct
Fake
100%
Francisco
100%
Francisco,
100%
I
100%
of
100%
San
100%
Tales
100%
the
100%
"The
100%
A
97%
a
97%
Echo
97%
through
97%
you,
97%
you
97%
me
94%
me,"
94%
no
94%
room
94%
to
94%
And
92%
and
92%
band
92%
band,
92%
but
92%
don't
92%
that
92%
their
92%
there
92%
With
92%
air
89%
disco
89%
down
89%
from
89%
in
89%
line
89%
not
89%
out,
89%
out)
89%
she
89%
that's
89%
there's
89%
want
89%
Yeah,
89%
yeah
89%
yeah,
89%
your
89%
all
86%
bandwagon,
86%
bandwagon
86%
exit,
86%
get
86%
Get
86%
He
86%
hear
86%
I'm
86%
it's
86%
(Kick
86%
kick
86%
lines
86%
love
86%
off
86%
put
86%
so
86%
So
86%
telephone
86%
time"
86%
were
86%
white
86%
Bar
83%
beeps
83%
blind,
83%
bride
83%
deaf
83%
far
83%
f***in'
83%
for
83%
glasses
83%
groom
83%
or
83%
Practicing
83%
pretty
83%
rockstars
83%
running
83%
she's
83%
sure
83%
they
83%
wedding
83%
wine
83%
w**k
83%
you're
83%
You're
83%
are
81%
City,
81%
cool
81%
girl's
81%
having
81%
Hunter's
81%
my
81%
New
81%
nice
81%
oh,
81%
"Oh
81%
only
81%
super
81%
weekend
81%
Without
81%
York
81%
young
81%
as
78%
dashing
78%
distance,
78%
Is
78%
know
78%
left
78%
outside
78%
proof
78%
screams
78%
toilets
78%
Wishin'
78%
he's
75%
I'd
75%
microphone
75%
point
75%
quite
75%
tell
75%
trilbies
75%
weren't
75%
amazing
72%
faces
72%
few
72%
love's
72%
problem
72%
squeaks
72%
you've
72%
bird
69%
bored
69%
saved
69%
streets
69%
talks
69%
at
67%
back,
67%
says
67%
though,
67%
handbook
64%
handbook,
64%
his
61%
More
61%
Rotheram
42%

Score Distribution

Percentile by Number Answered

Percent of People with Each Score

Your Score History

You have not taken this quiz since the last reset